[Event "2023 Welsh Open"]
[Site "Cardiff"]
[Date "2023.04.08"]
[Round "4.24"]
[White "Ramzan, Timur"]
[Black "Besston, Darson"]
[Result "1-0"]
[WhiteElo "1200"]
[BlackElo "1523"]
[PlyCount "138"]
[EventDate "2023.04.07"]
[SourceVersionDate "2023.04.22"]

1. d4 Nf6 2. c4 g6 3. Nf3 Bg7 4. Nc3 O-O 5. e3 d6 6. Be2 Nbd7 7. O-O e5 8. Qc2 Qe7 9. e4 h6 10. b3 exd4 11. Nxd4 Nxe4 12. Nxe4 Bxd4 13. Rb1 Re8 14. Ng3 Bg7 15. Bb2 Nf6 16. Rfe1 Be6 17. Bf3 c6 18. Rbd1 Rad8 19. Ba3 Qd7 20. Bb2 d5 21. h3 h5 22. Ne4 Nxe4 23. Bxg7 Ng5 24. Be5 Nxf3+ 25. gxf3 Bxh3 26. Qc3 Kh7 27. Kh2 Bf5 28. Bf6 Rxe1 29. Rxe1 Re8 30. Rxe8 Qxe8 31. cxd5 cxd5 32. Qd4 Qd7 33. Bh8 Kh6 34. Qg7+ Kg5 35. Qf6+ Kf4 36. Qh4+ Kxf3 37. Qg3+ Ke2 38. Qe3+ Kd1 39. Bc3 Qc7+ 40. f4 Qxc3 41. Qxc3 h4 42. Kg2 h3+ 43. Kh2 Ke2 44. Qd4 Kf3 45. Qxd5+ Kxf4 46. Qxf7 g5 47. Qxb7 g4 48. Qc7+ Kf3 49. Qg3+ Ke4 50. Qe1+ Kf3 51. Qf1+ Ke4 52. Kg3 Ke5 53. Qf2 Kf6 54. Qxa7 Kg5 55. Qe3+ Kh5 56. b4 Bb1 57. Qc5+ Kg6 58. Kxg4 h2 59. Qh5+ Kf6 60. Qxh2 Bf5+ 61. Kf4 Bb1 62. Qb2+ Ke6 63. Qxb1 Kd6 64. b5 Kc7 65. b6+ Kb7 66. Kf3 Kb8 67. b7 Kc7 68. b8=Q+ Kc6 69. Qc2+ Kd7 1-0

[Event "2023 Welsh Open"]
[Site "Cardiff"]
[Date "2023.04.08"]
[Round "4.25"]
[White "Smith, Chris"]
[Black "Head, Elliott"]
[Result "1-0"]
[WhiteElo "1460"]
[BlackElo "1168"]
[PlyCount "43"]
[EventDate "2023.04.07"]
[SourceVersionDate "2023.04.22"]

1. d4 d5 2. c4 c6 3. Nf3 Nf6 4. Nc3 e6 5. Bg5 Nbd7 6. e3 Bd6 7. cxd5 exd5 8. Bd3 O-O 9. O-O Re8 10. Qc2 Qc7 11. h3 h6 12. Bh4 a5 13. Rac1 b6 14. Ne2 Ba6 15. Bxa6 Rxa6 16. Qxc6 Qxc6 17. Rxc6 Bb4 18. a3 Be7 19. Bxf6 Nxf6 20. Nf4 Bd8 21. Rfc1 Ra8 22. Rd6 1-0

[Event "2023 Welsh Open"]
[Site "Cardiff"]
[Date "2023.04.08"]
[Round "4.27"]
[White "Enoch, Kristan"]
[Black "Reid, David Lawson"]
[Result "1-0"]
[WhiteElo "1111"]
[BlackElo "1387"]
[PlyCount "57"]
[EventDate "2023.04.07"]
[SourceVersionDate "2023.04.22"]

1. e4 d6 2. d4 Nf6 3. Nc3 g6 4. Nf3 Bg7 5. Bd3 O-O 6. Be3 c6 7. h3 Qc7 8. Qd2 Be6 9. Bh6 Nbd7 10. Bxg7 Kxg7 11. Qe3 Rfe8 12. O-O Nb6 13. Nd2 h5 14. Rfe1 Rh8 15. a3 Rh6 16. e5 Nfd5 17. Nxd5 Nxd5 18. exd6 Qxd6 19. Qe5+ Qxe5 20. Rxe5 Bd7 21. Bf1 f6 22. Re2 Rah8 23. c4 Nb6 24. Rxe7+ Kf8 25. Rae1 g5 26. c5 Nd5 27. Rxd7 g4 28. Rd8+ Kg7 29. Rxh8 1-0

[Event "2023 Welsh Open"]
[Site "Cardiff"]
[Date "2023.04.08"]
[Round "4.20"]
[White "Bridges, Paul"]
[Black "Hammett, Scott"]
[Result "1-0"]
[WhiteElo "1751"]
[BlackElo "1283"]
[PlyCount "99"]
[EventDate "2023.04.07"]
[SourceVersionDate "2023.04.22"]

1. e4 d5 2. exd5 Nf6 3. Nf3 Qxd5 4. d4 Bg4 5. Be2 Nc6 6. c3 e6 7. Nbd2 Bd6 8. h3 Qh5 9. Ng1 Bxe2 10. Qxe2 O-O-O 11. Qxh5 Nxh5 12. Nc4 Bf4 13. g3 Bxc1 14. Rxc1 Rhe8 15. Nf3 f6 16. O-O g5 17. Rfe1 Ng7 18. Re2 h5 19. g4 hxg4 20. hxg4 Ne7 21. Ne3 Ng6 22. Ng2 Rh8 23. Nfe1 Rh7 24. f3 Rdh8 25. Kf2 Nf4 26. Nxf4 gxf4 27. Ng2 Rh2 28. Rf1 Rg8 29. Ke1 Nf5 30. gxf5 Rgxg2 31. Rxg2 Rxg2 32. Rf2 Rg1+ 33. Rf1 Rxf1+ 34. Kxf1 e5 35. Ke2 Kd7 36. Kd3 exd4 37. Kxd4 Kd6 38. Ke4 a5 39. Kd4 b5 40. b3 c5+ 41. Ke4 Kc6 42. c4 bxc4 43. bxc4 Kd6 44. Kxf4 Kc6 45. Kg4 Kd6 46. f4 Ke7 47. Kh5 Kf7 48. Kh6 a4 49. a3 Ke7 50. Kg7 1-0

[Event "2023 Welsh Open"]
[Site "Cardiff"]
[Date "2023.04.08"]
[Round "3.20"]
[White "Larg, Richard"]
[Black "Enoch, Stuart"]
[Result "1-0"]
[WhiteElo "1590"]
[BlackElo "1390"]
[PlyCount "163"]
[EventDate "2023.04.07"]
[SourceVersionDate "2023.04.16"]

1. d4 c5 2. dxc5 e6 3. Nf3 Nc6 4. e3 Nf6 5. Be2 Bxc5 6. O-O d5 7. c4 d4 8. exd4 Nxd4 9. Nxd4 Qxd4 10. Qxd4 Bxd4 11. Rd1 e5 12. Nd2 Ng4 13. Rf1 Bb6 14. Ne4 Bc7 15. Rd1 O-O 16. h3 Nf6 17. Nxf6+ gxf6 18. Bh6 Re8 19. Rd3 Be6 20. Rg3+ Kh8 21. Bg7+ Kg8 22. Bxf6+ Kf8 23. Rg5 Bd8 24. Bxd8 Raxd8 25. Rxe5 Rd2 26. b3 Red8 27. Re3 Bf5 28. Kf1 Rb2 29. g4 Bg6 30. f4 f6 31. f5 Bf7 32. a4 Rdd2 33. Rd1 Be8 34. Rxd2 Rxd2 35. Ke1 Rd4 36. Rd3 Re4 37. Kd2 Bc6 38. Bf3 Rf4 39. Bxc6 bxc6 40. a5 Ke7 41. Kc3 h5 42. Rg3 Kd6 43. b4 a6 44. Rd3+ Kc7 45. Rg3 Kd6 46. Kb3 Kc7 47. c5 Kd7 48. Rd3+ Kc8 49. Rg3 Kd7 50. Ka4 Ke7 51. Re3+ Kd7 52. Re6 hxg4 53. hxg4 Rxg4 54. Rxf6 Rf4 55. Rf7+ Kc8 56. f6 Kd8 57. Rf8+ Kd7 58. f7 Ke7 59. Ra8 Rxf7 60. Rxa6 Rf6 61. Rb6 Kd7 62. Kb3 Rf3+ 63. Kc4 Rf4+ 64. Kd3 Kc7 65. Ke3 Rf8 66. Kd4 Rd8+ 67. Kc4 Re8 68. Kd4 Rd8+ 69. Kc4 Re8 70. a6 Re4+ 71. Kd3 Re8 72. a7 Ra8 73. Ra6 Kb7 74. Ra1 Rxa7 75. Rxa7+ Kxa7 76. Ke4 Ka6 77. Ke5 Kb5 78. Kd6 Kxb4 79. Kxc6 Kc4 80. Kb6 Kd5 81. c6 Kd6 82. Kb7 1-0

[Event "2023 Welsh Open"]
[Site "Cardiff"]
[Date "2023.04.08"]
[Round "4.21"]
[White "Mason, Edward"]
[Black "Blackmore, Simon"]
[Result "1-0"]
[WhiteElo "1361"]
[BlackElo "1599"]
[PlyCount "69"]
[EventDate "2023.04.07"]
[SourceVersionDate "2023.04.22"]

1. e4 e5 2. f4 d5 3. exd5 Nf6 4. Nc3 Nxd5 5. Nf3 exf4 6. d4 Bb4 7. Bd2 Qe7+ 8. Qe2 Qxe2+ 9. Bxe2 Ne3 10. Bxe3 fxe3 11. O-O O-O 12. Rae1 Bf5 13. Bd3 Bxd3 14. cxd3 Re8 15. Re2 c6 16. Rfe1 Nd7 17. Rxe3 Rxe3 18. Rxe3 Nf6 19. Ne2 Kf8 20. a3 Bd6 21. h3 Re8 22. Ne5 Re7 23. Ng3 g6 24. Kf2 Nd5 25. Re4 Nf4 26. Rxf4 Kg7 27. Re4 c5 28. Nc4 Rd7 29. Nxd6 Rxd6 30. dxc5 Rxd3 31. Rb4 Rd7 32. Ke3 f5 33. Rd4 Re7+ 34. Kd3 g5 35. Nxf5+ 1-0

[Event "2023 Welsh Open"]
[Site "Cardiff"]
[Date "2023.04.08"]
[Round "4.22"]
[White "Jones, Jeremy"]
[Black "Kong, Emma Zihan"]
[Result "0-1"]
[WhiteElo "1580"]
[BlackElo "1223"]
[PlyCount "90"]
[EventDate "2023.04.07"]
[SourceVersionDate "2023.04.22"]

1. d4 d5 2. c4 c6 3. cxd5 cxd5 4. Nf3 Nf6 5. Nc3 Nc6 6. e3 Bg4 7. Be2 e6 8. O-O Bd6 9. h3 Bh5 10. Nd2 Bg6 11. Nb3 a6 12. Bd3 Bc7 13. g3 Qd6 14. f4 Nb4 15. Bxg6 hxg6 16. Kg2 g5 17. a3 Nc6 18. Nc5 b6 19. Nd3 gxf4 20. Nxf4 g5 21. Nfe2 Nh5 22. Qe1 f6 23. Bd2 Ne7 24. e4 dxe4 25. Nxe4 Qc6 26. Qf2 Qxe4+ 27. Qf3 Qxf3+ 28. Rxf3 Nd5 29. Nc3 Nxc3 30. Bxc3 Rf8 31. Re1 Kd7 32. Bb4 Bd6 33. Bc3 Rae8 34. Ref1 Be7 35. Be1 Rc8 36. Bc3 f5 37. Rd3 f4 38. d5 exd5 39. Rxd5+ Kc6 40. Re5 Rce8 41. Re6+ Kb7 42. Rfe1 f3+ 43. Kf1 Nxg3+ 44. Kf2 Bc5+ 45. Kxg3 Rxe6 0-1

[Event "2023 Welsh Open"]
[Site "Cardiff"]
[Date "2023.04.08"]
[Round "4.29"]
[White "Dasselaar, Hendrik"]
[Black "Sharhorodsky, Yaroslav"]
[Result "1-0"]
[WhiteElo "1297"]
[BlackElo "1476"]
[PlyCount "37"]
[EventDate "2023.04.07"]
[SourceVersionDate "2023.04.23"]

1. e4 e5 2. Nf3 Nc6 3. Bc4 Bc5 4. c3 Nf6 5. O-O O-O 6. d4 exd4 7. cxd4 Bb6 8. e5 d5 9. Bd3 Ne4 10. Nc3 Nxd4 11. Nxd4 Bxd4 12. Nxe4 dxe4 13. Bxe4 Bxf2+ 14. Kxf2 Qh4+ 15. Ke3 Qxh2 16. Rh1 Qxe5 17. Qh5 Qg3+ 18. Qf3 Qg5+ 19. Kf2 1-0

[Event "2023 Welsh Open"]
[Site "Cardiff"]
[Date "2023.04.09"]
[Round "5.1"]
[White "Yoganand"]
[Black "Cave, Iwan"]
[Result "1-0"]
[WhiteElo "2178"]
[BlackElo "1711"]
[Annotator "Paul,Hatchett"]
[PlyCount "183"]
[EventDate "2023.04.07"]
[EventRounds "7"]
[EventCountry "WLS"]

1. d4 {[%emt 0:00:04]} Nf6 {[%emt 0:00:11]} 2. e3 {[%emt 0:00:06]} d5 {[%emt 0:00:08]} 3. Bd3 {[%emt 0:00:11]} c5 {[%emt 0:00:16]} 4. c3 {[%emt 0:00:12]} Nc6 {[%emt 0:00:19]} 5. f4 {[%emt 0:00:07]} Bg4 {[%emt 0:00:13]} 6. Nf3 {[%emt 0:00:09]} e6 {[%emt 0:00:14]} 7. Nbd2 {[%emt 0:00:26]} Be7 {[%emt 0:00:41]} 8. O-O {[%emt 0:00:46]} O-O {[%emt 0:00:21]} 9. Qe1 {[%emt 0:00:35]} Bf5 {[%emt 0:00:59]} 10. Bxf5 {[%emt 0:00:57]} exf5 {[%emt 0:00:12]} 11. Ne5 {[%emt 0:00:21]} Rc8 {[%emt 0:02:43]} 12. Rf3 {[%emt 0:04:06]} Ne4 {[%emt 0:10:53]} 13. Rh3 {[%emt 0:08:18]} Re8 {[%emt 0:14:08]} 14. Qe2 {[%emt 0:04:40]} Nf6 {[%emt 0:08:28]} 15. Ndf3 {[%emt 0:06:27]} Ne4 {[%emt 0:22:51]} 16. Nd2 {[%emt 0:05:56]} Nf6 {[%emt 0:02:17]} 17. Qf3 {[%emt 0:02:23]} g6 {[%emt 0:03:10]} 18. Qg3 {[%emt 0:08:08]} Ne4 {[%emt 0:00:10]} 19. Nxe4 {[%emt 0:05:46]} Nxe5 {[%emt 0:03:13]} 20. Nxc5 {[%emt 0:03:36]} Nc4 {[%emt 0:03:25]} 21. Nd3 {[%emt 0:02:20]} Qb6 {[%emt 0:00:54]} 22. Qf3 {[%emt 0:03:01]} Qe6 {[%emt 0:02:47]} 23. Ne5 {[%emt 0:03:59]} Nd6 {[%emt 0:00:38]} 24. g4 {[%emt 0:02:00]} f6 {[%emt 0:06:33]} 25. gxf5 {[%emt 0:01:30]} Nxf5 {[%emt 0:01:00]} 26. Ng4 {[%emt 0:01:29]} Nd6 {[%emt 0:01:49]} 27. Nf2 {[%emt 0:02:50]} Bf8 {[%emt 0:01:07]} 28. Bd2 {[%emt 0:02:32]} Nc4 {[%emt 0:00:25]} 29. Bc1 {[%emt 0:00:36]} Rc6 {[%emt 0:01:03]} 30. Rg3 {[%emt 0:01:45]} f5 {[%emt 0:02:10]} 31. Nd3 {[%emt 0:02:04]} Rb6 {[%emt 0:03:42]} 32. b3 {[%emt 0:03:08]} Nd6 {[%emt 0:00:06]} 33. Nc5 {[%emt 0:01:10]} Qf7 {[%emt 0:00:18]} 34. Bd2 {[%emt 0:05:36]} Rc6 {[%emt 0:00:40]} 35. Rc1 {[%emt 0:01:00]} b6 {[%emt 0:03:20]} 36. Nd3 {[%emt 0:02:10]} Ne4 {[%emt 0:00:24]} 37. Rg2 {[%emt 0:00:18]} Qc7 {[%emt 0:00:44]} 38. Ne5 {[%emt 0:02:38]} Nxd2 {[%emt 0:00:36]} 39. Rxd2 {[%emt 0:00:19]} Rxc3 {[%emt 0:00:17]} 40. Rxc3 {[%emt 0:00:47]} Qxc3 {[%emt 0:00:07]} 41. Qxd5+ {[%emt 0:00:17]} Kh8 {[%emt 0:06:11]} 42. Re2 {[%emt 0:00:38]} Re7 {[%emt 0:07:46]} 43. Nf7+ {[%emt 0:02:06]} Kg7 {[%emt 0:00:28]} 44. Ng5 {[%emt 0:00:37]} Qc8 {[%emt 0:01:04]} 45. Kf2 {[%emt 0:02:09]} h6 {[%emt 0:02:05]} 46. Nf3 {[%emt 0:00:34]} Kh7 {[%emt 0:00:55]} 47. Ne5 {[%emt 0:01:32]} Bg7 {[%emt 0:01:38]} 48. Qd6 {[%emt 0:00:58]} Qe8 {[%emt 0:00:07]} 49. Rc2 {[%emt 0:02:33]} Re6 {[%emt 0:00:38]} 50. Qd5 {[%emt 0:00:47]} Qe7 {[%emt 0:01:59]} 51. Qf3 {[%emt 0:01:05]} Rd6 {[%emt 0:01:40]} 52. Nc4 {[%emt 0:02:25]} Rd7 {[%emt 0:00:40]} 53. Ne5 {[%emt 0:01:35]} Rd6 {[%emt 0:00:08]} 54. Nd3 {[%emt 0:01:45]} Qh4+ {[%emt 0:01:25]} 55. Kg2 {[%emt 0:01:09]} Qe7 {[%emt 0:01:36]} 56. Ne5 {[%emt 0:00:56]} a6 {[%emt 0:05:18]} 57. Kg3 {[%emt 0:02:56]} g5 {[%emt 0:02:41]} 58. Nc6 {[%emt 0:01:50]} gxf4+ {[%emt 0:03:39]} 59. Qxf4 {[%emt 0:00:16]} Qg5+ {[%emt 0:01:15]} 60. Qxg5 {[%emt 0:00:19]} hxg5 {[%emt 0:00:05]} 61. Ne7 {[%emt 0:01:59]} f4+ {[%emt 0:00:56]} 62. exf4 {[%emt 0:00:17]} gxf4+ {[%emt 0:00:08]} 63. Kxf4 {[%emt 0:00:28]} Bxd4 {[%emt 0:00:30]} 64. Nf5 {[%emt 0:05:05]} Rd7 {[%emt 0:00:07]} 65. Rc6 {[%emt 0:01:12]} Bc5 {[%emt 0:00:53]} 66. Kg5 {[%emt 0:03:34]} Rd2 {[%emt 0:00:58]} 67. Rc7+ {[%emt 0:01:56]} Kg8 {[%emt 0:01:04]} 68. h4 {[%emt 0:04:26]} Rxa2 {[%emt 0:00:59]} 69. h5 {[%emt 0:00:23]} Rg2+ {[%emt 0:00:54]} 70. Kf6 {[%emt 0:00:13]} Ba3 {[%emt 0:01:40]} 71. Nh6+ {[%emt 0:01:05]} Kh8 {[%emt 0:00:18]} 72. Nf7+ {[%emt 0:00:19]} Kg8 {[%emt 0:00:12]} 73. Rc8+ {[%emt 0:00:46]} Bf8 {[%emt 0:00:37]} 74. Nh6+ {[%emt 0:00:10]} Kh7 {[%emt 0:00:42]} 75. Rxf8 {[%emt 0:00:08]} Rh2 {[%emt 0:00:28]} 76. Kg5 {[%emt 0:00:51]} Rb2 {[%emt 0:01:18]} 77. Rf3 {[%emt 0:01:57]} b5 {[%emt 0:00:24]} 78. Nf5 {[%emt 0:02:41]} a5 {[%emt 0:00:16]} 79. Nd4 {[%emt 0:00:59]} a4 {[%emt 0:00:18]} 80. bxa4 {[%emt 0:01:05]} bxa4 {[%emt 0:00:06]} 81. Rf7+ {[%emt 0:00:06]} Kg8 {[%emt 0:00:06]} 82. Ra7 {[%emt 0:00:07]} Rg2+ {[%emt 0:00:31]} 83. Kh6 {[%emt 0:00:19]} Ra2 {[%emt 0:00:17]} 84. Ne6 {[%emt 0:00:26]} Rg2 {[%emt 0:00:56]} 85. Rxa4 {[%emt 0:00:37]} Re2 {[%emt 0:00:19]} 86. Nf4 {[%emt 0:01:09]} Re7 {[%emt 0:00:39]} 87. Ra8+ {[%emt 0:00:56]} Kf7 {[%emt 0:00:10]} 88. Ng6 {[%emt 0:00:14]} Rb7 {[%emt 0:00:16]} 89. Rf8+ {[%emt 0:00:17]} Ke6 {[%emt 0:00:09]} 90. Rf2 {[%emt 0:01:06]} Ra7 {[%emt 0:00:15]} 91. Nf8+ {[%emt 0:00:24]} Ke5 {[%emt 0:00:42]} 92. Kg6 {[%emt 0:00:32]} 1-0

[Event "2023 Welsh Open"]
[Site "Cardiff"]
[Date "2023.04.09"]
[Round "5.2"]
[White "Gibbs, Dominic V"]
[Black "Macdonald, Duncan"]
[Result "1/2-1/2"]
[WhiteElo "1848"]
[BlackElo "1566"]
[Annotator "Paul,Hatchett"]
[PlyCount "155"]
[EventDate "2023.04.07"]
[EventRounds "7"]
[EventCountry "WLS"]

1. e4 {[%emt 0:00:03]} d5 {[%emt 0:00:27]} 2. exd5 {[%emt 0:00:08]} Nf6 {[%emt 0:00:05]} 3. c4 {[%emt 0:00:08]} e6 {[%emt 0:00:10]} 4. dxe6 {[%emt 0:00:22]} Bxe6 {[%emt 0:00:10]} 5. Nf3 {[%emt 0:00:13]} Qe7 {[%emt 0:00:07]} 6. Qe2 {[%emt 0:00:15]} Nc6 {[%emt 0:00:08]} 7. d4 {[%emt 0:01:18]} Bf5 {[%emt 0:00:11]} 8. a3 {[%emt 0:05:48]} O-O-O {[%emt 0:03:26]} 9. Qxe7 {[%emt 0:00:19]} Bxe7 {[%emt 0:00:08]} 10. Be3 {[%emt 0:01:00]} Ng4 {[%emt 0:00:45]} 11. Nc3 {[%emt 0:09:02]} Bf6 {[%emt 0:11:34]} 12. O-O-O {[%emt 0:02:56]} Rhe8 {[%emt 0:01:59]} 13. Nd5 {[%emt 0:13:53]} Be4 {[%emt 0:11:12]} 14. Nxf6 {[%emt 0:02:47]} gxf6 {[%emt 0:00:46]} 15. d5 {[%emt 0:07:41]} Nxe3 {[%emt 0:08:32]} 16. fxe3 {[%emt 0:00:21]} Bxf3 {[%emt 0:00:15]} 17. gxf3 {[%emt 0:00:15]} Ne5 {[%emt 0:00:04]} 18. f4 {[%emt 0:09:26]} Ng4 {[%emt 0:00:15]} 19. Bh3 {[%emt 0:00:17]} f5 {[%emt 0:00:11]} 20. Bxg4 {[%emt 0:02:06]} fxg4 {[%emt 0:00:08]} 21. Rhe1 {[%emt 0:07:10]} Re4 {[%emt 0:00:31]} 22. Rd4 {[%emt 0:01:21]} Rde8 {[%emt 0:00:28]} 23. Kd2 {[%emt 0:04:31]} f5 {[%emt 0:01:57]} 24. Rxe4 {[%emt 0:01:41]} Rxe4 {[%emt 0:00:06]} 25. b3 {[%emt 0:01:12]} h5 {[%emt 0:00:10]} 26. Ke2 {[%emt 0:03:09]} h4 {[%emt 0:00:23]} 27. Kf2 {[%emt 0:00:29]} Kd7 {[%emt 0:00:36]} 28. c5 {[%emt 0:02:09]} a5 {[%emt 0:04:28]} 29. Rc1 {[%emt 0:04:03]} c6 {[%emt 0:02:29]} 30. d6 {[%emt 0:02:32]} a4 {[%emt 0:12:22]} 31. b4 {[%emt 0:00:27]} Kd8 {[%emt 0:04:29]} 32. Rc2 {[%emt 0:02:56]} Kd7 {[%emt 0:00:29]} 33. Ke2 {[%emt 0:00:41]} h3 {[%emt 0:01:20]} 34. Kf2 {[%emt 0:01:10]} Kd8 {[%emt 0:00:33]} 35. Rc3 {[%emt 0:01:33]} Re6 {[%emt 0:01:28]} 36. Kg3 {[%emt 0:01:26]} Kd7 {[%emt 0:01:04]} 37. Kf2 {[%emt 0:00:56]} Re4 {[%emt 0:00:50]} 38. Rc1 {[%emt 0:01:34]} Kc8 {[%emt 0:00:41]} 39. Rc2 {[%emt 0:00:42]} Kd7 {[%emt 0:00:15]} 40. Rc3 {[%emt 0:00:25]} Kd8 {[%emt 0:00:17]} 41. Kg3 {[%emt 0:02:55]} Re8 {[%emt 0:00:33]} 42. Kh4 {[%emt 0:02:53]} Rh8+ {[%emt 0:00:26]} 43. Kg3 {[%emt 0:08:02]} Re8 {[%emt 0:00:07]} 44. Kf2 {[%emt 0:01:38]} Re4 {[%emt 0:00:59]} 45. Ke2 {[%emt 0:01:40]} Kd7 {[%emt 0:00:35]} 46. Kd3 {[%emt 0:00:51]} Re8 {[%emt 0:00:23]} 47. Rc1 {[%emt 0:00:25]} Re4 {[%emt 0:01:09]} 48. Rg1 {[%emt 0:03:03]} Re8 {[%emt 0:02:47]} 49. Rb1 {[%emt 0:01:00]} Rg8 {[%emt 0:00:21]} 50. b5 {[%emt 0:02:09]} cxb5 {[%emt 0:00:28]} 51. Rxb5 {[%emt 0:00:40]} Kc8 {[%emt 0:01:48]} 52. Ke2 {[%emt 0:03:21]} g3 {[%emt 0:01:20]} 53. hxg3 {[%emt 0:01:10]} Rxg3 {[%emt 0:00:09]} 54. Rb1 {[%emt 0:01:33]} Rg2+ {[%emt 0:00:21]} 55. Kf3 {[%emt 0:00:48]} Rd2 {[%emt 0:00:43]} 56. Rh1 {[%emt 0:00:47]} h2 {[%emt 0:00:16]} 57. Kg3 {[%emt 0:00:42]} Rc2 {[%emt 0:01:37]} 58. Rxh2 {[%emt 0:00:57]} Rxc5 {[%emt 0:00:10]} 59. Kh4 {[%emt 0:05:00]} Kd7 {[%emt 0:06:13]} 60. Kg5 {[%emt 0:01:21]} Kxd6 {[%emt 0:02:59]} 61. Rh6+ {[%emt 0:03:54]} Kc7 {[%emt 0:00:09]} 62. Re6 {[%emt 0:01:32]} b5 {[%emt 0:00:54]} 63. Re7+ {[%emt 0:03:01]} Kd8 {[%emt 0:01:48]} 64. Rb7 {[%emt 0:00:54]} Kc8 {[%emt 0:00:10]} 65. Rf7 {[%emt 0:00:19]} Kd8 {[%emt 0:03:03]} 66. Kf6 {[%emt 0:00:29]} Rc3 {[%emt 0:03:55]} 67. Rb7 {[%emt 0:00:48]} Rxa3 {[%emt 0:02:08]} 68. Rxb5 {[%emt 0:00:12]} Rxe3 {[%emt 0:00:06]} 69. Ra5 {[%emt 0:00:32]} a3 {[%emt 0:00:18]} 70. Kxf5 {[%emt 0:00:38]} Kc7 {[%emt 0:00:33]} 71. Kg6 {[%emt 0:00:57]} Kb6 {[%emt 0:00:17]} 72. Ra8 {[%emt 0:00:17]} Kb5 {[%emt 0:00:40]} 73. f5 {[%emt 0:00:08]} Kb4 {[%emt 0:00:07]} 74. f6 {[%emt 0:00:11]} Rf3 {[%emt 0:00:04]} 75. f7 {[%emt 0:01:16]} Kb3 {[%emt 0:00:12]} 76. f8=Q {[%emt 0:02:33]} Rxf8 {[%emt 0:00:06]} 77. Rxf8 {[%emt 0:00:06]} a2 {[%emt 0:00:05]} 78. Ra8 {[%emt 0:00:10]} 1/2-1/2

[Event "2023 Welsh Open"]
[Site "Cardiff"]
[Date "2023.04.09"]
[Round "5.4"]
[White "Havard, Gwyn"]
[Black "Wilmot, Daniel"]
[Result "1-0"]
[WhiteElo "1889"]
[BlackElo "1644"]
[Annotator "Paul,Hatchett"]
[PlyCount "67"]
[EventDate "2023.04.07"]
[EventRounds "7"]
[EventCountry "WLS"]

1. e4 {[%emt 0:00:06]} e5 {[%emt 0:00:06]} 2. Nf3 {[%emt 0:00:08]} Nc6 {[%emt 0:00:01]} 3. Bc4 {[%emt 0:00:23]} Bc5 {[%emt 0:00:29]} 4. c3 {[%emt 0:00:13]} Nf6 {[%emt 0:00:28]} 5. d4 {[%emt 0:00:12]} exd4 {[%emt 0:00:07]} 6. e5 {[%emt 0:00:08]} d5 {[%emt 0:08:09]} 7. Bb5 {[%emt 0:02:29]} Ne4 {[%emt 0:04:36]} 8. cxd4 {[%emt 0:00:39]} Bb4+ {[%emt 0:01:22]} 9. Bd2 {[%emt 0:00:18]} O-O {[%emt 0:04:55]} 10. Bxb4 {[%emt 0:05:25]} Nxb4 {[%emt 0:00:07]} 11. Qb3 {[%emt 0:01:59]} a5 {[%emt 0:00:36]} 12. a3 {[%emt 0:04:41]} Na6 {[%emt 0:00:13]} 13. Nbd2 {[%emt 0:02:19]} c6 {[%emt 0:13:00]} 14. Bd3 {[%emt 0:02:01]} Nxd2 {[%emt 0:00:32]} 15. Nxd2 {[%emt 0:01:11]} f6 {[%emt 0:09:31]} 16. Qc2 {[%emt 0:05:12]} fxe5 {[%emt 0:01:16]} 17. dxe5 {[%emt 0:08:27]} h6 {[%emt 0:02:35]} 18. Nf3 {[%emt 0:05:51]} Qe7 {[%emt 0:05:01]} 19. O-O-O {[%emt 0:03:37]} Nc5 {[%emt 0:03:02]} 20. Bg6 {[%emt 0:03:09]} Rxf3 {[%emt 0:10:39]} 21. gxf3 {[%emt 0:02:48]} Ne6 {[%emt 0:00:30]} 22. Rhg1 {[%emt 0:03:23]} Nf4 {[%emt 0:03:17]} 23. Rde1 {[%emt 0:09:25]} Be6 {[%emt 0:02:26]} 24. Rg3 {[%emt 0:04:20]} Bf7 {[%emt 0:11:02]} 25. Bf5 {[%emt 0:10:54]} Nh5 {[%emt 0:11:46]} 26. e6 {[%emt 0:01:46]} Be8 {[%emt 0:00:15]} 27. Rg2 {[%emt 0:03:10]} b5 {[%emt 0:01:20]} 28. Reg1 {[%emt 0:06:16]} Ra7 {[%emt 0:00:17]} 29. Qd2 {[%emt 0:02:45]} Qf6 {[%emt 0:01:30]} 30. Bg6 {[%emt 0:02:33]} Re7 {[%emt 0:04:12]} 31. Bxe8 {[%emt 0:01:32]} Rxe8 {[%emt 0:00:03]} 32. Rg6 {[%emt 0:00:47]} Qf4 {[%emt 0:00:54]} 33. Rxg7+ {[%emt 0:00:48]} Kf8 {[%emt 0:00:24]} 34. Rf7+ {[%emt 0:00:13]} 1-0

[Event "2023 Welsh Open"]
[Site "Cardiff"]
[Date "2023.04.09"]
[Round "5.5"]
[White "Hollyman, Mike"]
[Black "Mba, Reginald"]
[Result "0-1"]
[WhiteElo "1418"]
[BlackElo "1811"]
[Annotator "Paul,Hatchett"]
[PlyCount "70"]
[EventDate "2023.04.07"]
[EventRounds "7"]
[EventCountry "WLS"]

1. c4 {[%emt 0:00:10]} e6 {[%emt 0:00:10]} 2. e4 {[%emt 0:00:19]} d5 {[%emt 0:00:08]} 3. cxd5 {[%emt 0:00:08]} exd5 {[%emt 0:00:07]} 4. exd5 {[%emt 0:00:17]} Nf6 {[%emt 0:00:09]} 5. Nc3 {[%emt 0:01:42]} Nxd5 {[%emt 0:00:18]} 6. g3 {[%emt 0:03:47]} g6 {[%emt 0:01:13]} 7. Bg2 {[%emt 0:00:39]} c6 {[%emt 0:00:28]} 8. Nge2 {[%emt 0:02:23]} Bg7 {[%emt 0:00:12]} 9. Nxd5 {[%emt 0:05:39]} cxd5 {[%emt 0:00:11]} 10. Qb3 {[%emt 0:01:33]} O-O {[%emt 0:03:29]} 11. Bxd5 {[%emt 0:04:24]} Qe7 {[%emt 0:01:32]} 12. Bf3 {[%emt 0:05:26]} Nc6 {[%emt 0:01:21]} 13. Qe3 {[%emt 0:04:58]} Qd6 {[%emt 0:02:01]} 14. O-O {[%emt 0:03:57]} Bf5 {[%emt 0:00:35]} 15. Rd1 {[%emt 0:12:17]} Nb4 {[%emt 0:11:00]} 16. Qa3 {[%emt 0:06:15]} Qb6 {[%emt 0:01:54]} 17. Nc3 {[%emt 0:06:47]} Nc2 {[%emt 0:00:34]} 18. Nd5 {[%emt 0:00:20]} Nxa3 {[%emt 0:01:42]} 19. Nxb6 {[%emt 0:00:55]} axb6 {[%emt 0:00:08]} 20. Bxb7 {[%emt 0:04:15]} Ra7 {[%emt 0:00:17]} 21. Bg2 {[%emt 0:02:16]} Nc2 {[%emt 0:00:37]} 22. Rb1 {[%emt 0:00:24]} Rxa2 {[%emt 0:00:40]} 23. d3 {[%emt 0:02:07]} Nd4 {[%emt 0:01:30]} 24. Bd5 {[%emt 0:01:32]} Ra5 {[%emt 0:00:23]} 25. Be4 {[%emt 0:01:24]} Bh3 {[%emt 0:01:13]} 26. Bd2 {[%emt 0:02:30]} Ra7 {[%emt 0:01:07]} 27. Be3 {[%emt 0:01:08]} Rc7 {[%emt 0:00:32]} 28. f3 {[%emt 0:02:44]} Rc2 {[%emt 0:00:43]} 29. g4 {[%emt 0:01:42]} h5 {[%emt 0:01:23]} 30. gxh5 {[%emt 0:03:10]} gxh5 {[%emt 0:00:27]} 31. Rbc1 {[%emt 0:00:38]} Ne2+ {[%emt 0:03:02]} 32. Kh1 {[%emt 0:02:35]} Nxc1 {[%emt 0:00:21]} 33. Rxc1 {[%emt 0:00:09]} Rxc1+ {[%emt 0:00:58]} 34. Bxc1 {[%emt 0:00:06]} Rc8 {[%emt 0:00:08]} 35. Be3 {[%emt 0:00:33]} Bxb2 {[%emt 0:06:11]} 0-1